000 00640nam a2200217Ii 4500
003 JO-AjNU
008 230606s9999||||xx |||||||||||||| ||und||
020 _a978-0-415-57557-7
040 _aJO-AjNU
_beng
_erda
_cJO-AjNU
041 _aeng
050 1 4 _aG155.A1.L598 2013
100 3 _aLovelock, Brent and Lovelock, Kirten M,
_eauthor
_94659
245 0 4 _aThe Ethics of Tourism: Critical and applied perspectives
250 _a1 ed
264 3 1 _alondon: Routledge, 2013
300 _a265p
336 _atext
_btxt
_2rdacontent
337 _aunmediated
_bn
_2rdamedia
338 _avolume
_bnc
_2rdacarrier
650 4 _a Tourism
_94660
999 _aE2415
_c2413
_d2413